The Revelation/ (Record no. 4479)
[ view plain ]
| 000 -LEADER | |
|---|---|
| fixed length control field | 00458nam a22001577a 4500 |
| 003 - CONTROL NUMBER IDENTIFIER | |
| control field | OSt |
| 005 - DATE AND TIME OF LATEST TRANSACTION | |
| control field | 20181206160019.0 |
| 008 - FIXED-LENGTH DATA ELEMENTS--GENERAL INFORMATION | |
| fixed length control field | 181206b ||||| |||| 00| 0 eng d |
| 040 ## - CATALOGING SOURCE | |
| Language of cataloging | DLC |
| Transcribing agency | DLC |
| 082 ## - DEWEY DECIMAL CLASSIFICATION NUMBER | |
| Classification number | 228 |
| Item number | B415R |
| 100 ## - MAIN ENTRY--PERSONAL NAME | |
| Personal name | Beeson, Ulrich Rische; |
| 245 ## - TITLE STATEMENT | |
| Title | The Revelation/ |
| Remainder of title | A Guide Book to the Revelation for Students of the Bible/ |
| 260 ## - PUBLICATION, DISTRIBUTION, ETC. | |
| Place of publication, distribution, etc. | Little Rock, Arkansas; |
| Name of publisher, distributor, etc. | the Manney Company; |
| Date of publication, distribution, etc. | c1956-1964 |
| 300 ## - PHYSICAL DESCRIPTION | |
| Extent | 195p.; |
| Dimensions | 20cm |
| 942 ## - ADDED ENTRY ELEMENTS (KOHA) | |
| Source of classification or shelving scheme | Dewey Decimal Classification |
| Koha item type | Books |
| Withdrawn status | Lost status | Source of classification or shelving scheme | Damaged status | Not for loan | Collection code | Home library | Current library | Shelving location | Date acquired | Cost, normal purchase price | Total Checkouts | Full call number | Barcode | Date last seen | Price effective from | Koha item type |
|---|---|---|---|---|---|---|---|---|---|---|---|---|---|---|---|---|
| Dewey Decimal Classification | Not For Loan | Non-fiction | Harvest Mission College | Harvest Mission College | General Stacks | 06.12.2018 | 120.00 | 228 B415R | 005134 | 06.12.2018 | 06.12.2018 | Books |
